000 00598nam a2200229Ia 4500
003 OSt
005 20220928113147.0
006 a|||||r|||| 00| 0
007 ta
008 220927b |||||||| |||| 00| 0 eng d
024 _a40938
037 _cTextual
040 _aSDCL
_cSDCL
_beng
041 _2eng
_aeng
082 _aXM5:(Z2)'P, P1
100 _aTaxmann's
245 0 _aTaxmann's companies act 2001
260 _aNew Delhi
_bTaxmann Allied
_c2001
300 _aVarious Paginations
_ccm.
942 _hXM5:(Z2)'P, P1
_cTEXL
_2CC
999 _c748303
_d748303